000 00614nam a2200181 4500
001 108199
003 ES-MaACL
005 20230906184611.0
007 t|
008 061121s1970 sp r ||||1| spa d
100 1 _aMontarnal, Pierre.
_982406
245 1 0 _aSetas comestibles y venenosas /
_cpor Pierre Montarnal; ilustración de Michelle Saint-Aubin ; traducción y adaptación Rafael Candel Vila.
260 _aBarcelona :
_bDaimon,
_c1970.
300 _a67 p. :
_bil ;
_c16 cm.
700 1 _aSaint-Aubin, Michelle.
_9101512
700 1 _aCandel Vila, Rafael.
_934451
852 _aES-MaACL
_jC-42125
_bR.76382
999 _c108199
_d108199